|
|
|
|
| LEADER |
00000nam a2200000 a 4500 |
| 001 |
vtls001293061 |
| 003 |
SK-MaSNL |
| 005 |
20260301113602.0 |
| 008 |
160415s1995 xo aap r 0yy0 slo |
| 015 |
|
|
|a SNBA1997/1103117
|
| 020 |
|
|
|a 8071002674
|
| 035 |
|
|
|a SNK000244823
|
| 040 |
|
|
|a SNK
|b slo
|c SNK
|e AACR2
|
| 041 |
0 |
|
|a slo
|
| 044 |
|
|
|a xo
|c SK
|
| 080 |
|
|
|a 621.3(082)
|2 1981
|
| 245 |
1 |
|
|a Práce a štúdie Vysokej školy dopravy a spojov v Žiline. Séria elektrotechnická
|n zväzok 19
|c [zostavovateľ Miloslav Neveselý]
|
| 260 |
|
|
|a Žilina
|b Vysoká škola dopravy a spojov
|c 1995
|
| 300 |
|
|
|a 107 s.
|b grafy, mp., sch., tab.
|c 21 cm
|
| 500 |
|
|
|a Čl. aj čes.
|
| 500 |
|
|
|a Údaj o zost. prevzatý z rubu tit. strany
|
| 500 |
|
|
|a 100 výt.
|
| 504 |
|
|
|a Bibliogr. odkazy. Res. slov. a angl.
|
| 650 |
0 |
7 |
|a elektrotechnika
|x štúdie
|2 SNK
|9 455934
|
| 655 |
|
7 |
|a zbierky
|2 SNK
|9 70533
|
| 700 |
1 |
|
|a Neveselý, Miloslav
|4 com
|9 277820
|
| 919 |
|
|
|a 80-7100-267-4
|
| 958 |
|
|
|a TL
|
| 958 |
|
|
|a NB
|
| 958 |
|
|
|a ZB
|
| 999 |
|
|
|c 714804
|d 716734
|
| 952 |
|
|
|a SNK
|b SNK
|y PREZ
|7 0
|p 17A0102834
|o snkČSC 2089/19/1995
|i snkKSP 7267/97
|0 0
|1 0
|4 0
|d 1997-07-07
|l 0
|r 2005-01-02 00:00:00
|w 2026-02-23
|
| 952 |
|
|
|a SNK
|b SNK
|y PREZ
|7 0
|p 17A0078422
|o snkČSC 2089/19/1995 D1
|i snkKSP 7268/97
|0 0
|1 0
|4 0
|d 1997-07-07
|l 0
|r 2005-01-02 00:00:00
|w 2026-02-23
|